LEADER 01066nam a2200265 i 4500 001 000000045672 003 CaOOAMICUS 005 20151222000000.0 008 151222s2002 it u000 u ita u 013 $a16842 020 $a88-384-6492-8 040 $aSeMil$bita 100 1 $aLancisi, Mario,$d<1953- >.$0(OLS)http://semarc/name/22706 245 13$aIl segreto di don Milani /$cMario Lancisi. 260 $aCasale Monferrato (AL) :$bPiemme,$c2002. 300 $a208 p., [4] c. di tav. :$bill. ;$c21 cm. 490 0 $aPiemme Religione 600 14$aMilani, Lorenzo .$0(OLS)http://semarc/subject/9740 830 0$aPiemme religione.$0(OLS)http://semarc/title/6030 850 $aSeMil 852 $aSeMil$W1$xVenegono$y1$m3G V 281$j11827$B11827$CSeMilBibl$Z2$F11827 $81 961 $aLascito: Milani don Felice 996 $6020$a88-384-6492-8$9(OLS)http://semarc/number/17955 996 $6245$aIl segreto di don Milani$9(OLS)http://semarc/title/67986 996 $6260$aCasale Monferrato (AL) :$bPiemme$9(OLS)http://semarc/publisher/30052 LEADER 01086nam a2200253 i 4500 001 000000105261 003 CaOOAMICUS 005 20260402094710.0 008 041221s1969 gw u000 u ger u 013 $a77451 040 $aSeMil$bita 245 14$aDas Evangelium nach Lukas /$cÜbersekt und erklärt von Karl Heinrich Rengstorf. 250 $a14. Aufl. 260 $aGöttingen :$bVandenhoeck & Ruprecht,$c1969. 300 $a294 p. ;$c25 cm. 490 0 $aDas Neue Testament Deutsch ;$v3 650 4$aBibbia. Nuovo Testamento. Vangelo secondo Luca - Commentari, studi, critica, interpretazioni.$0(OLS)http://semarc/subject/142 700 1 $aRengstorf, Karl Heinrich.$0(OLS)http://semarc/name/4544 830 4$aDas Neue Testament Deutsch ;$v3.$0(OLS)http://semarc/title/16883 850 $aSeMil 852 $aSeMil$W1$xVenegono$y1$m2VV VII 64$j269598$B61517$CSeMilBibl$Z2$F70953 $81 996 $6245$aDas Evangelium nach Lukas$9(OLS)http://semarc/title/8619 996 $6260$aGöttingen :$bVandenhoeck & Ruprecht$9(OLS)http://semarc/publisher/29697